6è Consell General de la Xarxa Local SAD : administració local, serveis socials municipals i atenció a la dependència : dossier administració local, serveis socials municipals i atenció a la dependència :
Publicado:
Barcelona :
Diputació de Barcelona. Àrea de Benestar Social. Oficina de Suport Tècnic als Serveis Socials ,
2008
Descripción Física:
[7] p. : taules ; 30 cm
MARC
| LEADER | 00000nam a2200000Ia 4500 | ||
|---|---|---|---|
| 001 | 21617 | ||
| 008 | 160829s2008 xx 000 0 cat d | ||
| 080 | |a FU-41-15 | ||
| 245 | |a 6è Consell General de la Xarxa Local SAD : |b administració local, serveis socials municipals i atenció a la dependència : |b dossier | ||
| 260 | |a Barcelona : |b Diputació de Barcelona. Àrea de Benestar Social. Oficina de Suport Tècnic als Serveis Socials, |c 2008 | ||
| 300 | |a [7] p. : |b taules ; |c 30 cm | ||
| 650 | 0 | |a Atenció domiciliària |z Barcelona (Catalunya : Província) |9 43156 | |
| 710 | 1 | |a Barcelona (Catalunya : Província). |b Xarxa Local de Serveis Socials d'Atenció Domiciliària |9 52962 | |
| 710 | 1 | |a Barcelona (Catalunya : Província). |b Oficina de Suport Tècnic als Serveis Socials |9 54082 | |
| 901 | |a Arxiu | ||
| 942 | |n 1 | ||
| 952 | |0 0 |1 0 |4 0 |6 FU4115 |7 1 |9 53217 |a Arxiu |b Arxiu |d 2016-12-01 |l 0 |o FU-41-15 |p 21617 |r 2016-12-01 00:00:00 |w 2016-12-01 |y ARXIU | ||
| 999 | |c 57066 |d 57066 | ||